[Event "Moravia-Silesia Region-chT 2223"]
[Site "Czech Republic"]
[Date "2022.12.11"]
[Round "5"]
[White "Jurok, Vojtech"]
[Black "Kudla, Martin"]
[Result "1/2-1/2"]
[WhiteElo "1575"]
[BlackElo "1564"]
[PlyCount "88"]
[EventDate "2022.10.09"]
[EventType "team-tourn"]
[EventRounds "11"]
[EventCountry "CZE"]
[SourceTitle "EXT 2024"]
[Source "ChessBase"]
[SourceDate "2023.10.10"]
[SourceVersion "1"]
[SourceVersionDate "2023.10.10"]
[SourceQuality "1"]
[WhiteTeam "Orlova Slavia III"]
[BlackTeam "Poruba Slavoj IV"]
[WhiteTeamCountry "CZE"]
[BlackTeamCountry "CZE"]

1. e4 e6 2. Nf3 d5 3. Nc3 d4 4. Ne2 c5 5. c3 Nc6 6. cxd4 cxd4 7. Qa4 Bc5 8. b4 Bxb4 9. Nexd4 Qa5 10. Bb5 Qxa4 11. Bxa4 Nge7 12. Ne5 Bd7 13. Ndxc6 Bxc6 14. Nxc6 Nxc6 15. Bxc6+ bxc6 16. Ke2 0-0 17. d3 Bc3 18. Rb1 Bd4 19. Be3 c5 20. Bxd4 cxd4 21. Rhc1 f6 22. Rb7 Rf7 23. Rxf7 Kxf7 24. Rc7+ Kg6 25. a4 a6 26. Rc6 e5 27. a5 Kg5 28. Kd2 h5 29. Kc2 h4 30. h3 Kf4 31. Kb3 Rb8+ 32. Kc2 Ra8 33. Kb3 Rb8+ 34. Kc2 Ra8 35. Kd2 Rb8 36. Rb6 Ra8 37. Kc2 Rc8+ 38. Kd2 Ra8 39. Ke2 Rc8 40. Rxa6 Rc2+ 41. Ke1 Rc1+ 42. Ke2 Rc2+ 43. Ke1 Rc1+ 44. Ke2 Rc2+ 1/2-1/2

[Event "Moravia-Silesia Region-chT 2223"]
[Site "Czech Republic"]
[Date "2022.11.27"]
[Round "4"]
[White "Kudla, Martin"]
[Black "Smely, Pavel"]
[Result "1-0"]
[WhiteElo "1564"]
[BlackElo "1819"]
[PlyCount "95"]
[EventDate "2022.10.09"]
[EventType "team-tourn"]
[EventRounds "11"]
[EventCountry "CZE"]
[SourceTitle "EXT 2024"]
[Source "ChessBase"]
[SourceDate "2023.10.10"]
[SourceVersion "1"]
[SourceVersionDate "2023.10.10"]
[SourceQuality "1"]
[WhiteTeam "Poruba Slavoj IV"]
[BlackTeam "Koprivnice Tatra II"]
[WhiteTeamCountry "CZE"]
[BlackTeamCountry "CZE"]

1. e4 c5 2. d4 cxd4 3. Nf3 Nc6 4. c3 d3 5. Bxd3 d6 6. 0-0 Nf6 7. h3 e6 8. Bf4 Be7 9. Qe2 0-0 10. Na3 a6 11. Rad1 d5 12. Nc2 Qa5 13. a3 b5 14. e5 Nd7 15. Ncd4 Bb7 16. Rfe1 Qc7 17. Bb1 Rfc8 18. Qd3 g6 19. h4 Nc5 20. Qc2 Bf8 21. h5 f5 22. hxg6 hxg6 23. Rc1 Re8 24. Ng5 Nd8 25. g3 Ne4 26. Kg2 Nxg5 27. Bxg5 Be7 28. Qd2 Qd7 29. Qf4 Nf7 30. Bxe7 Qxe7 31. Rh1 Kg7 32. Rh3 Rh8 33. Rch1 Rxh3 34. Rxh3 Rh8 35. Rxh8 Kxh8 36. Qe3 Kg7 37. Bd3 Nd8 38. f4 Kf7 39. Nf3 Qc7 40. Qg1 Ke8 41. Qh2 Qg7 42. Kf2 Nc6 43. Qh4 Bc8 44. g4 Nd8 45. Ng5 Kd7 46. Kf3 Kc6 47. Nh7 Bb7 48. Qxd8 1-0